| 000 | 00668nam a2200217 a 4500 | ||
|---|---|---|---|
| 001 | BRCA_8482 | ||
| 005 | 20190320210313.0 | ||
| 008 | 220316s2015----mx-a######---#000-0#spa-# | ||
| 020 | _a9789685546300 | ||
| 041 | _aspa | ||
| 044 | _amx | ||
| 050 | 4 |
_aCJ1896 _b.A28 2015 |
|
| 245 | 1 | 0 |
_aLa acuñación en México _b1535-2015 _cfotografía Arturo Chapa. |
| 260 |
_aMéxico _bChapa Ediciones : Casa de Moneda de México _c2015 |
||
| 300 |
_a311 p. _bil. (algunas a color) _c35 cm. |
||
| 504 | _aBibliografía : p. 310-311 | ||
| 650 | 1 | 4 |
_aNumismática _zMéxico _99563 |
| 650 | 1 | 4 |
_aMoneda _xHistoria _zMéxico _95751 |
| 700 | 1 |
_aChapa, Arturo _eil. _99091 |
|
| 942 |
_2lcc _cB |
||
| 999 |
_c8149 _d8149 |
||